| 000 | 00458nam a2200181 a 4500 | ||
|---|---|---|---|
| 001 | 23330 | ||
| 003 | CO-ViMGA | ||
| 008 | 141112s2004 ck r 000 u spa d | ||
| 020 | _a9789682478758 | ||
| 040 |
_aCO-ViMGA _bspa _cCO-ViMGA |
||
| 082 | 0 | 4 | _a631 M393e |
| 100 | 1 |
_aMeyer, Marcos _933635 |
|
| 245 | 1 | 0 | _aElaboracion de frutas y hortalizas |
| 260 |
_aMéxico : _bSeptrillas |
||
| 300 | _a131p. | ||
| 650 | 1 | 4 |
_aPRODUCTOS AGRICOLAS _96448 |
| 942 |
_2ddc _cBK |
||
| 999 |
_c31552 _d31552 |
||